Kreise (Districts) of Schleswig-Holstein Quiz Stats

Quiz not verified by Sporcle

Challenge
Share
Tweet
Embed
Score 0/15 Timer 02:00
0 Plays Today
% Correct
Kiel
100%
Hansestadt Lübeck
100%
Flensburg
100%
Nordfriesland
87.5%
Neumünster
87.5%
Ostholstein
75%
Pinneberg
75%
Schleswig-Flensburg
75%
% Correct
Steinburg
75%
Storman
68.8%
Dithmarschen
62.5%
Herzogtum Lauenburg
62.5%
Plön
62.5%
Rendsburg-Eckernförde
62.5%
Segeberg
62.5%

You're not logged in!

Compare scores with friends on all Sporcle quizzes.
Sign Up with Email
OR
Log In

You Might Also Like...

Show Comments

Extras

Top Quizzes Today


Score Distribution

Your Account Isn't Verified!

In order to create a playlist on Sporcle, you need to verify the email address you used during registration. Go to your Sporcle Settings to finish the process.

Report this User

Report this user for behavior that violates our Community Guidelines.

Details: